000 00944cam a2200277 a 4500
999 _c126103
_d126103
001 1483421
003 ARRUPE
005 20170220092029.0
008 870526s1985 nr b 001 0 eng
010 _a 87143684
020 _a9781562625 (pbk.)
040 _aDLC
_cDLC
_dDLC
043 _af-nr---
_afb-----
050 0 0 _aBL2470.N5
_bG63 1985
082 0 0 _a299/.6969
_219
245 0 4 _aThe Gods in retreat :
_bcontinuity and change in African religions : (the Nigerian experience) /
_cedited by Emefie Ikenga Metuh.
260 _aEnugu, Nigeria :
_bFourth Dimension Pub. Co.,
_c1985.
300 _axix, 296 p. ;
_c21 cm.
504 _aIncludes bibliographies and index.
651 0 _aNigeria
_xReligion.
_928785
651 0 _aAfrica, Sub-Saharan
_xReligion.
_928786
700 1 _aMetuh, Emefie Ikenga.
_928787
_eed.
906 _a7
_bcbc
_corignew
_d2
_encip
_f19
_gy-gencatlg
942 _2lcc
_cMONOGRAPH